The fashion disaster / (Record no. 21478)
[ view plain ]
| 000 -LEADER | |
|---|---|
| fixed length control field | 03014nam a22004095a 4500 |
| 005 - DATE AND TIME OF LATEST TRANSACTION | |
| control field | 20070206103259.0 |
| 008 - FIXED-LENGTH DATA ELEMENTS--GENERAL INFORMATION | |
| fixed length control field | 060616s2007 nyu | 00| 1 eng |
| 010 ## - LCCN (DPL NO) | |
| LC control number | B-345909-918 |
| 020 ## - INTERNATIONAL STANDARD BOOK NUMBER | |
| International Standard Book Number | 9781416934851 |
| Terms of availability | 129.00 |
| 020 ## - INTERNATIONAL STANDARD BOOK NUMBER | |
| International Standard Book Number | 1416934855 |
| Terms of availability | 129.00 |
| 035 ## - SYSTEM CONTROL NUMBER | |
| System control number | B-357717 |
| 035 ## - SYSTEM CONTROL NUMBER | |
| System control number | B-345909-918 |
| 037 ## - SOURCE OF ACQUISITION | |
| Source of stock number/acquisition | Tarun Books (vendor) |
| 040 ## - CATALOGING SOURCE | |
| Original cataloging agency | dpl |
| Language of cataloging | English |
| 082 ## - DEWEY DECIMAL CLASSIFICATION NUMBER | |
| Classification number | S |
| 100 ## - MAIN ENTRY--PERSONAL NAME | |
| Personal name | Keene, Carolyn |
| 245 ## - TITLE STATEMENT | |
| Title | The fashion disaster / |
| Statement of responsibility, etc | by Carolyn Keene; illustrated by Macky Pamintuan |
| 260 ## - PUBLICATION, DISTRIBUTION, ETC. (IMPRINT) | |
| Place of publication, distribution, etc | New York |
| Name of publisher, distributor, etc | Aladdin Paperbacks |
| Date of publication, distribution, etc | 2007 |
| 270 ## - ADDRESS | |
| Address | 1230 Avenue of the Americas |
| City | New York |
| Postal code | NY 10020 |
| 300 ## - PHYSICAL DESCRIPTION | |
| Extent | 82p.: |
| Other physical details | ill. |
| Dimensions | 20cm(pbk) |
| 490 ## - SERIES STATEMENT | |
| Series statement | Nancy drew and the clue crew ; |
| Volume number/sequential designation | #6 |
| 700 ## - ADDED ENTRY--PERSONAL NAME | |
| Personal name | Pamintuan, Macky |
| 942 ## - ADDED ENTRY ELEMENTS (KOHA) | |
| Source of classification or shelving scheme | Dewey Decimal Classification |
| Item type | Children Books |
| Classification part | S |
| Call number suffix | KEE |
| Withdrawn status | Lost status | Source of classification or shelving scheme | Damaged status | Not for loan | Collection code | Home library | Current library | Date acquired | Source of acquisition | Cost, normal purchase price | Total Checkouts | Total Renewals | Full call number | Barcode | Date last seen | Copy number | Cost, replacement price | Koha item type | Public note |
|---|---|---|---|---|---|---|---|---|---|---|---|---|---|---|---|---|---|---|---|
| Written-off vide DLB M. No. 383 dt 16.05.19 | Dewey Decimal Classification | Fiction | Central Library | Central Library | 24/10/2009 | Tarun Books/3947/21.5.09/13/23.4.09/4.7.09 | 129.00 | S KEE | B-345911 | 24/10/2009 | 1 | 129.00 | Children Books | ||||||
| Dewey Decimal Classification | Fiction | Janak Puri | Janak Puri | 15/09/2009 | Tarun Books/4121/9.9.09/89/2.9.09/11.9.09 | 129.00 | 21 | 1 | S KEE | B-357717 | 09/11/2018 | 1 | 129.00 | Children Books | |||||
| Dewey Decimal Classification | Fiction | Jor Bagh (Children Lib) | Jor Bagh (Children Lib) | 24/10/2009 | Tarun Books/3947/21.5.09/13/23.4.09/4.7.09 | 129.00 | S KEE | B-345915 | 24/10/2009 | 1 | 129.00 | Children Books | |||||||
| Dewey Decimal Classification | Fiction | Karol Bagh | Karol Bagh | 24/10/2009 | Tarun Books/3947/21.5.09/13/23.4.09/4.7.09 | 129.00 | S KEE | B-345917 | 24/10/2009 | 1 | 129.00 | Children Books | |||||||
| Dewey Decimal Classification | Fiction | Mobile Library | Mobile Library | 24/10/2009 | Tarun Books/3947/21.5.09/13/23.4.09/4.7.09 | 129.00 | S KEE | B-345909 | 24/10/2009 | 2 | 129.00 | Children Books | |||||||
| Dewey Decimal Classification | Fiction | Mobile Library | Mobile Library | 24/10/2009 | Tarun Books/3947/21.5.09/13/23.4.09/4.7.09 | 129.00 | S KEE | B-345910 | 24/10/2009 | 2 | 129.00 | Children Books | |||||||
| Written off | Dewey Decimal Classification | Fiction | Patel Nagar | Patel Nagar | 24/10/2009 | Tarun Books/3947/21.5.09/13/23.4.09/4.7.09 | 129.00 | S KEE | B-345912 | 24/10/2009 | 1 | 129.00 | Children Books | Written off on approval by DLB (By Circulation); dtd 20.12.2022 | |||||
| Dewey Decimal Classification | Fiction | Peshwa Road | Peshwa Road | 24/10/2009 | Tarun Books/3947/21.5.09/13/23.4.09/4.7.09 | 129.00 | S KEE | B-345913 | 24/10/2009 | 1 | 129.00 | Children Books | |||||||
| Dewey Decimal Classification | Fiction | Sarojini Nagar | Sarojini Nagar | 24/10/2009 | Tarun Books/3947/21.5.09/13/23.4.09/4.7.09 | 129.00 | S KEE | B-345914 | 24/10/2009 | 1 | 129.00 | Children Books | |||||||
| Dewey Decimal Classification | Fiction | Shahdara Branch | Shahdara Branch | 24/10/2009 | Tarun Books/3947/21.5.09/13/23.4.09/4.7.09 | 129.00 | 1 | S KEE | B-345918 | 04/07/2018 | 1 | 129.00 | Children Books | ||||||
| Dewey Decimal Classification | Fiction | Vinoba Puri | Vinoba Puri | 24/10/2009 | Tarun Books/3947/21.5.09/13/23.4.09/4.7.09 | 129.00 | 14 | S KEE | B-345916 | 23/01/2023 | 1 | 129.00 | Children Books |
